000 00355nam a2200145Ia 4500
100 _aMar Amy
942 _cBK
654 _aDigital signal
245 _aDigital signal processing Application using ADSP-200 Family
260 _bPrentice Hall of India
_aNew Jersey
_c1990
082 _a621.381043
300 _a585
546 _aENGLISH
999 _c30534
_d30534